[Event "Politiken Cup 18th"]
[Site "Copenhagen"]
[Date "1996.??.??"]
[Round "6"]
[White "Jelling, Erik"]
[Black "Brondum, Eric"]
[Result "1-0"]
[WhiteElo "2415"]
[BlackElo "2270"]
[PlyCount "81"]
[EventDate "1996.06.??"]
[EventType "swiss"]
[EventRounds "11"]
[EventCountry "DEN"]
[SourceTitle "CBM 054 Extra"]
[Source "ChessBase"]
[SourceDate "1996.11.01"]
[SourceVersion "1"]
[SourceVersionDate "1996.11.01"]
[SourceQuality "1"]

1. d4 Nf6 2. c4 g6 3. Nf3 Bg7 4. g3 0-0 5. Bg2 d6 6. Nc3 Nbd7 7. 0-0 e5 8. h3 c6 9. e4 Qb6 10. d5 Nc5 11. Qe2 Bd7 12. Be3 cxd5 13. cxd5 Rfc8 14. Rab1 Qa6 15. Qxa6 Nxa6 16. Rfc1 Nc5 17. Ne1 a5 18. f3 Nh5 19. Kh2 f5 20. Bd2 Nf6 21. g4 fxe4 22. fxe4 Rf8 23. Rc2 Rac8 24. b3 b5 25. b4 axb4 26. Rxb4 Na6 27. Rb1 b4 28. Nd1 Ba4 29. Rxc8 Rxc8 30. Nb2 Bd7 31. g5 Nh5 32. Nbd3 Nf4 33. Nxf4 exf4 34. Bxf4 Be5 35. Bxe5 dxe5 36. Nd3 Rc2 37. Nxb4 Nxb4 38. Rxb4 Rxa2 39. Rb7 Be8 40. Re7 Bb5 41. Kg3 1-0

[Event "DEN-chT 9596"]
[Site "Denmark"]
[Date "1996.??.??"]
[Round "6"]
[White "Jelling, Erik"]
[Black "Danielsen, Henrik"]
[Result "1-0"]
[WhiteElo "2415"]
[BlackElo "2430"]
[PlyCount "77"]
[EventDate "1995.??.??"]
[EventType "team-tourn"]
[EventRounds "7"]
[EventCountry "DEN"]
[SourceTitle "EXT 2000"]
[Source "ChessBase"]
[SourceDate "1999.11.16"]
[SourceVersion "1"]
[SourceVersionDate "1999.11.16"]
[SourceQuality "1"]

1. d4 Nf6 2. c4 e6 3. Nc3 Bb4 4. e3 b6 5. Nge2 c5 6. a3 Ba5 7. g3 Bb7 8. d5 0-0 9. Bg2 b5 10. 0-0 bxc4 11. e4 Bxc3 12. Nxc3 d6 13. Bg5 exd5 14. e5 dxe5 15. Nxd5 Bxd5 16. Bxf6 Qxf6 17. Qxd5 Na6 18. Qxc4 Rab8 19. Rad1 Rxb2 20. Rd7 Rb6 21. Rxa7 Qd6 22. Rc1 g6 23. a4 Qf6 24. Bf1 Nb4 25. a5 Rd6 26. Qxc5 Rc6 27. Qe3 Nc2 28. Qe4 Rfc8 29. Bb5 Qg5 30. f4 exf4 31. Bxc6 Qc5+ 32. Kh1 Qxa7 33. Rxc2 fxg3 34. hxg3 Qxa5 35. Rf2 Qb6 36. Rc2 h5 37. Kg2 Qb3 38. Rf2 Rf8 39. Qe5 1-0

[Event "Politiken Cup 18th"]
[Site "Copenhagen"]
[Date "1996.??.??"]
[Round "8"]
[White "Nilsson, Nils Specht"]
[Black "Jelling, Erik"]
[Result "1/2-1/2"]
[WhiteElo "2225"]
[BlackElo "2415"]
[PlyCount "47"]
[EventDate "1996.06.??"]
[EventType "swiss"]
[EventRounds "11"]
[EventCountry "DEN"]
[SourceTitle "CBM 054 Extra"]
[Source "ChessBase"]
[SourceDate "1996.11.01"]
[SourceVersion "1"]
[SourceVersionDate "1996.11.01"]
[SourceQuality "1"]

1. d4 g6 2. Nf3 Bg7 3. c4 c5 4. d5 e5 5. e4 d6 6. Nc3 Ne7 7. Be2 0-0 8. 0-0 Nd7 9. a3 f5 10. exf5 gxf5 11. Ng5 Nf6 12. f4 e4 13. Be3 b6 14. Qd2 h6 15. Ne6 Bxe6 16. dxe6 d5 17. cxd5 Nfxd5 18. Nxd5 Nxd5 19. Bc4 Nxe3 20. e7+ Nxc4 21. exd8Q Raxd8 22. Qe2 Ne3 23. Rfe1 Rd3 24. Kh1 1/2-1/2

[Event "Politiken Cup 17th"]
[Site "Copenhagen"]
[Date "1995.??.??"]
[Round "10"]
[White "Jakobsen, Ole"]
[Black "Jelling, Erik"]
[Result "1-0"]
[WhiteElo "2380"]
[BlackElo "2415"]
[PlyCount "37"]
[EventDate "1995.06.??"]
[EventType "swiss"]
[EventRounds "10"]
[EventCountry "DEN"]
[SourceTitle "CBM 047 Extra"]
[Source "ChessBase"]
[SourceDate "1995.09.01"]
[SourceVersion "1"]
[SourceVersionDate "1995.09.01"]
[SourceQuality "1"]

1. d4 d5 2. c4 c6 3. Nf3 Nf6 4. Nc3 dxc4 5. Ne5 b5 6. g3 Nfd7 7. Bf4 Nxe5 8. Bxe5 Nd7 9. Bg2 Nxe5 10. dxe5 Qb6 11. a4 b4 12. a5 Qc7 13. Ne4 Rb8 14. Qd4 Ba6 15. Rd1 Rd8 16. Nf6+ exf6 17. Bxc6+ Ke7 18. Qc5+ Ke6 19. Bd5+ 1-0

[Event "DEN-chT 9495"]
[Site "Denmark"]
[Date "1995.??.??"]
[Round "5"]
[White "Jelling, Erik"]
[Black "Nielsen, Peter Heine"]
[Result "0-1"]
[WhiteElo "2420"]
[BlackElo "2475"]
[PlyCount "116"]
[EventDate "1994.11.??"]
[EventType "team-tourn"]
[EventRounds "7"]
[EventCountry "DEN"]
[SourceTitle "EXT 1999"]
[Source "ChessBase"]
[SourceDate "1998.11.16"]
[SourceVersion "1"]
[SourceVersionDate "1998.11.16"]
[SourceQuality "1"]

1. d4 Nf6 2. c4 e6 3. Nc3 Bb4 4. e3 c5 5. Nge2 b6 6. a3 Ba5 7. Rb1 Na6 8. d5 Bb7 9. Bd2 0-0 10. Nf4 Bxc3 11. Bxc3 Ne4 12. Qc2 Nxc3 13. Qxc3 Nc7 14. Rd1 d6 15. Be2 e5 16. Nd3 b5 17. b3 a5 18. a4 bxc4 19. bxc4 Na6 20. 0-0 Bc8 21. f4 exf4 22. Rxf4 Nb4 23. Nf2 Bd7 24. Ra1 Qe7 25. Re4 Qg5 26. h4 Qg6 27. Rf1 Rae8 28. h5 Qg5 29. Bf3 h6 30. Re1 Rxe4 31. Nxe4 Qe7 32. Nf2 Re8 33. e4 Qe5 34. Qxe5 Rxe5 35. Bd1 Kf8 36. g4 f6 37. Kg2 Re8 38. Re3 Rb8 39. Ra3 Na6 40. Bb3 Rb6 41. Kg3 Nb8 42. Nd3 Ke7 43. Bc2 Na6 44. Rb3 Nb4 45. Rb2 Kd8 46. Bd1 Kc7 47. Nf4 Kb7 48. Bb3 Nc2 49. Nd3 Ne3 50. Kf4 Nxg4 51. Bd1 Rxb2 52. Nxb2 Ne5 53. Be2 Kc7 54. Kg3 Kd8 55. Kf2 Ke7 56. Bd1 Kf7 57. Be2 g5 58. hxg6+ Kxg6 0-1

[Event "Politiken Cup 17th"]
[Site "Copenhagen"]
[Date "1995.??.??"]
[Round "1"]
[White "Jelling, Erik"]
[Black "Preuss, Flemming"]
[Result "1-0"]
[WhiteElo "2415"]
[BlackElo "2090"]
[PlyCount "97"]
[EventDate "1995.06.??"]
[EventType "swiss"]
[EventRounds "10"]
[EventCountry "DEN"]
[SourceTitle "CBM 047 Extra"]
[Source "ChessBase"]
[SourceDate "1995.09.01"]
[SourceVersion "1"]
[SourceVersionDate "1995.09.01"]
[SourceQuality "1"]

1. d4 f5 2. c4 Nf6 3. g3 d6 4. Nf3 g6 5. Bg2 Bg7 6. 0-0 0-0 7. Nc3 Nc6 8. d5 Ne5 9. Nxe5 dxe5 10. Qb3 e6 11. Rd1 exd5 12. cxd5 Kh8 13. Bg5 h6 14. Be3 Ne8 15. Rac1 Nd6 16. Nb5 Rf7 17. Nxd6 cxd6 18. Rc4 b6 19. Qa3 Bb7 20. Rdc1 Rc8 21. Rxc8 Bxc8 22. Rc6 Bf8 23. Bd2 Kg7 24. e4 Bd7 25. Rc1 fxe4 26. Bxe4 Qf6 27. Be3 Bf5 28. Qd3 Bxe4 29. Qxe4 Qf5 30. Qxf5 gxf5 31. f4 e4 32. a4 Rb7 33. b4 Be7 34. h3 h5 35. Kg2 Kf7 36. g4 hxg4 37. hxg4 fxg4 38. Kg3 Bf6 39. Kxg4 Bd8 40. Rc6 Ke7 41. Kf5 Kd7 42. Kxe4 Be7 43. Rc1 Rb8 44. Bd4 Rg8 45. Rg1 Rxg1 46. Bxg1 Ke8 47. b5 Bd8 48. a5 Kf7 49. Bxb6 1-0

[Event "Politiken Cup 17th"]
[Site "Copenhagen"]
[Date "1995.??.??"]
[Round "8"]
[White "Ward, Christopher"]
[Black "Jelling, Erik"]
[Result "1/2-1/2"]
[WhiteElo "2485"]
[BlackElo "2415"]
[PlyCount "61"]
[EventDate "1995.06.??"]
[EventType "swiss"]
[EventRounds "10"]
[EventCountry "DEN"]
[SourceTitle "CBM 047 Extra"]
[Source "ChessBase"]
[SourceDate "1995.09.01"]
[SourceVersion "1"]
[SourceVersionDate "1995.09.01"]
[SourceQuality "1"]

1. d4 d5 2. c4 c6 3. Nc3 Nf6 4. Nf3 dxc4 5. a4 Bf5 6. Ne5 e6 7. f3 Bb4 8. e4 Bxe4 9. fxe4 Nxe4 10. Bd2 Qxd4 11. Nxe4 Qxe4+ 12. Qe2 Bxd2+ 13. Kxd2 Qd5+ 14. Kc2 Na6 15. Nxc4 0-0-0 16. Qe3 Nc5 17. Be2 Qxg2 18. Rhg1 Qxh2 19. b4 Na6 20. Kb3 Rd5 21. Rxg7 Rf5 22. Bd3 Rf2 23. b5 Nb8 24. Rd1 Rd8 25. Rxh7 Qf4 26. Qxa7 Rf3 27. Nb6+ Kc7 28. Na8+ Kc8 29. Nb6+ Kc7 30. Na8+ Kc8 31. Nb6+ 1/2-1/2

[Event "DEN-chT 9495"]
[Site "Denmark"]
[Date "1994.??.??"]
[Round "2"]
[White "Jelling, Erik"]
[Black "Hamann, Svend"]
[Result "1-0"]
[WhiteElo "2420"]
[BlackElo "2355"]
[PlyCount "113"]
[EventDate "1994.11.??"]
[EventType "team-tourn"]
[EventRounds "7"]
[EventCountry "DEN"]
[SourceTitle "EXT 1999"]
[Source "ChessBase"]
[SourceDate "1998.11.16"]
[SourceVersion "1"]
[SourceVersionDate "1998.11.16"]
[SourceQuality "1"]

1. d4 Nf6 2. c4 e6 3. Nc3 Bb4 4. e3 c5 5. Nge2 cxd4 6. exd4 0-0 7. a3 Be7 8. Nf4 d5 9. cxd5 Nxd5 10. Ncxd5 exd5 11. Bd3 Nc6 12. 0-0 Bf6 13. Be3 g6 14. Be2 Be6 15. Nxe6 fxe6 16. Qd2 Qb6 17. Rad1 Rac8 18. Bg4 Ne7 19. Bh6 Rfe8 20. Bf4 Rc4 21. Qe3 Nf5 22. Bxf5 gxf5 23. Be5 Bxe5 24. Qxe5 Qc7 25. Qe3 Qg7 26. Rd3 Qf6 27. Qf4 Kh8 28. b3 Rc6 29. Re1 Rg8 30. h3 Qg5 31. Qe5+ Qg7 32. g3 Qxe5 33. Rxe5 Kg7 34. Kg2 Kf6 35. Kf3 h5 36. Kf4 Rc2 37. f3 Rgc8 38. g4 hxg4 39. hxg4 fxg4 40. fxg4 R8c3 41. g5+ Ke7 42. Rxc3 Rxc3 43. Re3 Rc1 44. Rh3 Rf1+ 45. Kg4 Rd1 46. Rh7+ Kd6 47. g6 Rxd4+ 48. Kg5 Rd1 49. Rxb7 Ke5 50. g7 Rg1+ 51. Kh6 d4 52. Kh7 Rh1+ 53. Kg6 d3 54. Rb5+ Kf4 55. Rg5 d2 56. g8Q d1Q 57. Qg7 1-0

[Event "DEN-chT 9394"]
[Site "Denmark"]
[Date "1994.??.??"]
[Round "4"]
[White "Kristensen, Leif"]
[Black "Jelling, Erik"]
[Result "0-1"]
[WhiteElo "2310"]
[BlackElo "2400"]
[PlyCount "72"]
[EventDate "1993.11.??"]
[EventType "team-tourn"]
[EventRounds "7"]
[EventCountry "DEN"]
[SourceTitle "EXT 2000"]
[Source "ChessBase"]
[SourceDate "1999.11.16"]
[SourceVersion "1"]
[SourceVersionDate "1999.11.16"]
[SourceQuality "1"]

1. e4 c6 2. d4 d5 3. Nc3 dxe4 4. Nxe4 Bf5 5. Ng3 Bg6 6. h4 h6 7. Nf3 Nd7 8. h5 Bh7 9. Bd3 Bxd3 10. Qxd3 e6 11. Bf4 Ngf6 12. 0-0-0 Be7 13. Ne5 0-0 14. f3 a5 15. Kb1 a4 16. c4 Qa5 17. Qe2 Rad8 18. Ng6 Rfe8 19. Nxe7+ Rxe7 20. Bd2 Qc7 21. Nf5 Ree8 22. Ne3 b5 23. cxb5 cxb5 24. Qxb5 Qa7 25. Bc3 Rb8 26. Qd3 Nb6 27. g4 Nfd5 28. Ka1 Nxe3 29. Qxe3 Nd5 30. Qd3 Rec8 31. Rc1 Rc6 32. Bd2 Rcb6 33. Qa3 Rxb2 34. Rhd1 Qxd4 35. Bc3 Nxc3 36. Qxc3 Rb1+ 0-1

[Event "DEN-chT 9394"]
[Site "Denmark"]
[Date "1993.??.??"]
[Round "1"]
[White "Jelling, Erik"]
[Black "Fedder, Steen"]
[Result "1/2-1/2"]
[WhiteElo "2400"]
[BlackElo "2380"]
[PlyCount "82"]
[EventDate "1993.11.??"]
[EventType "team-tourn"]
[EventRounds "7"]
[EventCountry "DEN"]
[SourceTitle "EXT 2000"]
[Source "ChessBase"]
[SourceDate "1999.11.16"]
[SourceVersion "1"]
[SourceVersionDate "1999.11.16"]
[SourceQuality "1"]

1. d4 Nf6 2. c4 d6 3. Nf3 Bg4 4. Qb3 Qc8 5. h3 Bxf3 6. Qxf3 Nc6 7. e3 g6 8. Nc3 Bg7 9. Qd1 0-0 10. Be2 a5 11. 0-0 Nb8 12. Rb1 Nbd7 13. a3 c6 14. b4 axb4 15. axb4 Qc7 16. Qb3 Rfc8 17. Bb2 Qd8 18. c5 d5 19. f4 b5 20. Ra1 Nf8 21. Bd3 Ne6 22. Qc2 Rxa1 23. Rxa1 Ra8 24. Qb1 g5 25. f5 Nc7 26. Ra2 g4 27. Rxa8 Qxa8 28. Qe1 gxh3 29. gxh3 Qc8 30. Bc1 Kh8 31. Bd2 Bh6 32. Qg3 Qg8 33. Qxg8+ Kxg8 34. Kf2 e6 35. Kf3 e5 36. dxe5 Nd7 37. e6 Ne5+ 38. Ke2 fxe6 39. fxe6 Nxd3 40. Kxd3 Nxe6 41. Ne2 Kf7 1/2-1/2

[Event "Gothenburg"]
[Site "Gothenburg"]
[Date "1993.??.??"]
[Round "3"]
[White "Jelling, Erik"]
[Black "Kretz, Johan"]
[Result "1-0"]
[WhiteElo "2400"]
[BlackElo "2195"]
[PlyCount "83"]
[EventDate "1993.??.??"]
[EventType "tourn"]
[EventRounds "9"]
[EventCountry "SWE"]
[SourceTitle "EXT 1998"]
[Source "ChessBase"]
[SourceDate "1997.11.17"]
[SourceVersion "1"]
[SourceVersionDate "1997.11.17"]
[SourceQuality "1"]

1. d4 e6 2. c4 Nf6 3. Nc3 Bb4 4. e3 b6 5. Nge2 Ba6 6. a3 Be7 7. Ng3 Nc6 8. b4 Bb7 9. d5 exd5 10. cxd5 Ne5 11. Nf5 0-0 12. Be2 a5 13. Rb1 Re8 14. e4 d6 15. 0-0 Bf8 16. f4 Ng6 17. Bf3 axb4 18. axb4 c6 19. dxc6 Bxc6 20. Qd3 Qd7 21. g3 Rad8 22. Bb2 b5 23. Nd5 Bxd5 24. exd5 Rb8 25. Bd4 Ne7 26. Ne3 Qb7 27. Rf2 Nd7 28. Ra2 Ra8 29. Rba1 Rxa2 30. Rxa2 Rc8 31. Ra7 Rc1+ 32. Kg2 Qc8 33. Qxb5 Nf6 34. Qd3 h5 35. b5 Nexd5 36. Nxd5 Nxd5 37. Bxd5 Rc2+ 38. Kf1 Rxh2 39. Kg1 Rc2 40. Rxf7 Rc1+ 41. Kg2 Rc2+ 42. Bf2 1-0